Planeamiento y control del sector de empresas estatales

Gespeichert in:
Bibliographische Detailangaben
Körperschaft: Instituto de Planeamiento Económico y Social. Comisión Económica para América Latina, Convenio IPEA-CEPAL (VerfasserIn)
Format: Buch
Sprache:Spanisch
Veröffentlicht: Brasilia Naciones Unidas, IPEA 1983
Schlagworte:
Tags: Tag hinzufügen
Keine Tags, Fügen Sie den ersten Tag hinzu!

MARC

LEADER 00000nam a2200000 a 4500
001 UCW9196
003 CL-VaPUC
008 881220e19830000BL |||||||||||||||||spa|d
082 0 4 |a 350.87  |b INS  |2 21 
110 2 |a Instituto de Planeamiento Económico y Social. Comisión Económica para América Latina, Convenio IPEA-CEPAL  |e author  |9 314361 
245 1 0 |a Planeamiento y control del sector de empresas estatales 
300 |a v 
942 |c BK 
945 |d 19881220 00:00:00 
260 |a Brasilia  |b Naciones Unidas, IPEA  |c 1983 
650 0 |a Empresas estatales   |9 255441 
650 0 |a Congresos  |9 257560 
583 |a last modification  |c 19881220 00:00:00  |k Rodrigo Vera 
999 |c 221224  |d 221222 
952 |0 0  |1 0  |4 0  |6 350_870000000000000_INS_1983  |7 0  |8 A  |9 214308  |a BIBENE  |b BIBENE  |d 2019-11-15  |h v.1  |i 2829401  |o 350.87 INS 1983  |p 2829401  |r 2025-01-15  |w 2019-11-15  |y BK  |k ICO 
952 |0 0  |1 0  |4 0  |6 350_870000000000000_INS_1983  |7 0  |8 A  |9 214309  |a BIBENE  |b BIBENE  |d 2019-11-15  |h v.2  |i 282941K  |o 350.87 INS 1983  |p 282941K  |r 2025-01-15  |w 2019-11-15  |y BK  |k ICO 
952 |0 0  |1 0  |4 0  |6 350_870000000000000_INS_1983  |7 0  |8 A  |9 214310  |a BIBENE  |b BIBENE  |d 2019-11-15  |h v.3  |i 2829428  |o 350.87 INS 1983  |p 2829428  |r 2025-01-15  |w 2019-11-15  |y BK  |k ICO 
952 |0 0  |1 0  |4 0  |6 350_870000000000000_INS_1983  |7 0  |8 A  |9 214311  |a BIBENE  |b BIBENE  |d 2019-11-15  |h v.1  |i 2829436  |o 350.87 INS 1983  |p 2829436  |r 2025-01-15  |w 2019-11-15  |y BK  |k ICO 
952 |0 0  |1 0  |4 0  |6 350_870000000000000_INS_1983  |7 0  |8 A  |9 214312  |a BIBENE  |b BIBENE  |d 2019-11-15  |h v.2  |i 2829444  |o 350.87 INS 1983  |p 2829444  |r 2025-01-15  |w 2019-11-15  |y BK  |k ICO 
952 |0 0  |1 0  |4 0  |6 350_870000000000000_INS_1983  |7 0  |8 A  |9 214313  |a BIBENE  |b BIBENE  |d 2019-11-15  |h v.3  |i 2829452  |o 350.87 INS 1983  |p 2829452  |r 2025-01-15  |w 2019-11-15  |y BK  |k ICO